LEADER 00723nam2 22002171i 450 001 990002257100403321 035 $a000225710 035 $aFED01000225710 035 $a(Aleph)000225710FED01 035 $a000225710 100 $a20030801d--------km-y0itay50------ba 200 1 $a<>role et la localisation des acidesnucléiques au cours du développementembryonnaire. Torino, 1949, p. 1-25. 463 0$1001000220064 701 1$aBrachet,$bJean$063170 801 0$aIT$bUNINA$gRICA$2UNIMARC 901 $aBK 912 $a990002257100403321 959 $aFFABC 996 $aRole et la localisation des acidesnucléiques au cours du développementembryonnaire. Torino, 1949, p. 1-25$9399480 997 $aUNINA DB $aING01 LEADER 02809 am 2200565 n 450 001 9910498500403321 005 20210901 010 $a979-1-280-13651-0 024 7 $a10.4000/books.aaccademia.9601 035 $a(CKB)4100000012033900 035 $a(FrMaCLE)OB-aaccademia-9601 035 $a(oapen)https://directory.doabooks.org/handle/20.500.12854/84117 035 $a(PPN)257806326 035 $a(EXLCZ)994100000012033900 100 $a20210927j|||||||| ||| 0 101 0 $aita 135 $auu||||||m|||| 181 $ctxt$2rdacontent 182 $cc$2rdamedia 183 $acr$2rdacarrier 200 10$aMolly Picon e gli artisti yiddish born in Usa /$fMarida Rizzuti 210 $aTorino $cAccademia University Press$d2021 215 $a1 online resource (104 p.) 225 1 $aTutto era musica 311 $a979-1-280-13649-7 330 $aChi è stata Molly Picon, cosa ha rappresentato per il teatro yiddish e per il teatro americano? Il volume prende avvio da questi interrogativi. Percorrendo la biografia dell?attrice è possibile individuare alcuni snodi importanti: l?identità americana e la mameloshen, l?autorialità e il ruolo della performance attoriale. Il contesto storico-sociale e la geografia sono stati di fondamentale importanza: agli inizi del Novecento lo Yiddish Theater District, nel Lower East Side di New York, è stato il laboratorio attivissimo nel quale Molly ha forgiato la propria identità artistica sulla base di due istanze: preservare e diffondere l?identità culturale e linguistica yiddish ed esaltare la funzione sociale ed educativa del teatro attraverso il divertimento. Grande attrice atipica, Molly è stata anche autrice di copioni e ha collaborato con alcuni grandi compositori. L?attrice ha anche permesso al teatro yiddish di aggiornarsi attraverso l?inserimento della lingua inglese negli spettacoli rivolti alle nuove generazioni di ebrei e a un pubblico più vasto. È stata insomma, lungo quasi tutto il XX secolo, una grande operatrice culturale, una interprete creativa dei vari media cui si è applicata. 606 $aTheater 606 $ateatro yiddish 606 $aMolly Picon 606 $amameloshen 606 $aNew York 606 $athéâtre yiddish 606 $ayiddish theater 610 $ayiddish theater 610 $aMolly Picon 610 $amameloshen 610 $aNew York 615 4$aTheater 615 4$ateatro yiddish 615 4$aMolly Picon 615 4$amameloshen 615 4$aNew York 615 4$athéâtre yiddish 615 4$ayiddish theater 700 $aRizzuti$b Marida$01288350 801 0$bFR-FrMaCLE 906 $aBOOK 912 $a9910498500403321 996 $aMolly Picon e gli artisti yiddish born in Usa$93020747 997 $aUNINA LEADER 01848oam 2200553zu 450 001 9910144950803321 005 20241212215548.0 010 $a9781509076468 010 $a1509076468 035 $a(CKB)1000000000695853 035 $a(SSID)ssj0000397132 035 $a(PQKBManifestationID)12103175 035 $a(PQKBTitleCode)TC0000397132 035 $a(PQKBWorkID)10355687 035 $a(PQKB)10004576 035 $a(EXLCZ)991000000000695853 100 $a20160829d2008 uy 101 0 $aeng 181 $ctxt 182 $cc 183 $acr 200 10$aIEEE Pacific Visualisation Symposium 2008 : proceedings : Kyoto, Japan, March 4-7, 2008 210 31$a[Place of publication not identified]$cIEEE$d2008 300 $aBibliographic Level Mode of Issuance: Monograph 311 08$a9781424419661 311 08$a1424419662 606 $aInformation visualization$vCongresses 606 $aComputer graphics$vCongresses 606 $aComputer vision$vCongresses 606 $aElectrical Engineering$2HILCC 606 $aElectrical & Computer Engineering$2HILCC 606 $aEngineering & Applied Sciences$2HILCC 615 0$aInformation visualization 615 0$aComputer graphics 615 0$aComputer vision 615 7$aElectrical Engineering 615 7$aElectrical & Computer Engineering 615 7$aEngineering & Applied Sciences 676 $a001.4/226028566 702 $aLi$b Hua 702 $aMa$b Kwan-liu 702 $aFujishiro$b Issei 712 02$aIEEE Computer Society Technical Committee on Visualization and Graphics. 712 12$aIEEE Pacific Visualisation Symposium 801 0$bPQKB 906 $aPROCEEDING 912 $a9910144950803321 996 $aIEEE Pacific Visualisation Symposium 2008 : proceedings : Kyoto, Japan, March 4-7, 2008$92540890 997 $aUNINA